Microsoft FrontPage 2000 bằng hình ảnh /
Trình bày các bước trực quan, đơn giản về cách dùng FrontPage 2000 để tạo các trang Web, xuất bản trang Web...: Bắt đầu (và lưu) các trang Web mới, để các trang chuyển tải nội dung mong muốn. Diễn đạt bằng kiểu dáng. Tạo các tham kết...
Kaydedildi:
| Yazar: | |
|---|---|
| Diğer Yazarlar: | , |
| Materyal Türü: | Kitap |
| Dil: | Vietnamese |
| Baskı/Yayın Bilgisi: |
Hà Nội :
Giáo dục,
1999.
|
| Konular: | |
| Etiketler: |
Etiketle
Etiket eklenmemiş, İlk siz ekleyin!
|
| Thư viện lưu trữ: | Mạng thư viện Đại học Đà Nẵng |
|---|
| LEADER | 01304cam a2200373 i 4500 | ||
|---|---|---|---|
| 001 | 000042518 | ||
| 003 | 392 | ||
| 005 | 20030916084022.0 | ||
| 008 | 010217b1999 vm 000 vie | ||
| 020 | |c 21000 | ||
| 040 | |a IRC |c IRC |d IRC | ||
| 041 | 0 | |a vie | |
| 082 | 1 | 4 | |a 005.3 |b NG-T |
| 100 | 1 | |a Nguyễn Tiến. | |
| 245 | 0 | 0 | |a Microsoft FrontPage 2000 bằng hình ảnh / |c Nguyễn Tiến, Đặng Xuân Hường, Trương Cẩm Hồng. |
| 260 | |a Hà Nội : |b Giáo dục, |c 1999. | ||
| 300 | |a 234tr. ; |c 20,5cm. | ||
| 520 | 3 | |a Trình bày các bước trực quan, đơn giản về cách dùng FrontPage 2000 để tạo các trang Web, xuất bản trang Web...: Bắt đầu (và lưu) các trang Web mới, để các trang chuyển tải nội dung mong muốn. Diễn đạt bằng kiểu dáng. Tạo các tham kết... | |
| 630 | 0 | 4 | |a Tin học. |
| 630 | 0 | 4 | |a FrontPage. |
| 630 | 0 | 4 | |a Computer programs. |
| 650 | 0 | 4 | |a Microsoft FrontPage (Phần mềm ứng dụng) |
| 700 | 1 | |a Trương Cẩm Hồng. | |
| 700 | 1 | |a Đặng Xuân Hường. | |
| OWN | |a DUT | ||
| 999 | |a From the UDN01 | ||
| TYP | |a Monograph | ||
| TYP | |a Printed language | ||
| 980 | |a Mạng thư viện Đại học Đà Nẵng | ||